1998 1293 1386 1794 1103 1310 1216 1815 1252 1981 1958 1575 1921 1840 1743 1956 1108 1425 1887 1794 1735 1004 1649 1489 1344 1582 1134 1283 1212 1892 1819 1696 1094 1420 1340 1973 1319 1025 1797 1869 1985 1443 1608 1173 1850 1775 1912 1594 1592 1988 1229 1007 1937 1516 1548 1874 1835 1652 1043 1262 1890 1560 1508 1807 1168 1032 1754 1946 1072 1423 1846 1153 1613 1122 1629 1548 1422 1319 1262 1030 1921 1829 1102 1364 1235 1795 1083 1761 1753 1351 1268 1901 1007 1621 1347 1701 1714 1942 1303 BCNSPRNW ULIB Ver.6.0+V

เปลี่ยนเป็นภาษาไทย

Change to English
 แสดงรายละเอียดบรรณานุกรม
  กลับหน้าหลัก

Brief Record : Get Marc (ISO 2709) : E-mail record : QR code < ปิดหน้าต่าง
LEADER : 00000nam 2200000uu 4500
001    13399113032
003     ULIB
008    110922s2551||||th 000 0 tha d
020    9789741676194
060 04 WB205^bว582ก
100 0  วิทยา ศรีดามา,^eบรรณาธิการ
245 00 การสัมภาษณ์ประวัติและตรวจร่างกาย /^cบรรณาธิการ, วิทยา ศรีดามา
250    พิมพ์ครั้งที่ 12
260    กรุงเทพฯ :^bโครงการตำราจุฬาอายุรศาสตร์ ภาควิชาอายุรศาสตร์คณะแพทยศาสตร์ จุฬาลงกรณ์มหาวิทยาลัย,^c2551
300    389, [15] หน้า :^bภาพประกอบ ;^c26 ซม.
440  0 โครงการตำราจุฬาอายุรศาสตร์
650  7 การตรวจร่างกาย
650  7 การซักประวัติผู้ป่วย
650  7 การวินิจฉัยโรค
710 2  จุฬาลงกรณ์มหาวิทยาลัย. ^bคณะแพทยศาสตร์.^bภาควิชาอายุรศาสตร์
945    ^p350^l0^i18617
945    ^p350^l0^i15801
945    ^p350^l0^i15492
945    ^p350^l0^i15491
945    ^p350^l0^i15800
945    ^p350^l0^i15490
995    กัณชพร
999    ^aใช้งานได้ทุกระบบ
รายการนี้ยังไม่มีแท็ก
คุณยังไม่ได้ล็อกอิน คุณสามารถมีกิจกรรมร่วมกับเว็บไซต์ได้ แต่ต้องล็อกอินก่อน ::
  ล็อกอิน

รายการสื่อสารสนเทศ

ลำดับที่ ประเภท เลขเรียก/บาร์โค้ด สถานที่ สถานะ
1. วิทยาศาสตร์การแพทย์ และสุขภาพ
วิทยาศาสตร์การแพทย์ และสุขภาพ
WB205 ว582ก ฉ.1 
  Barcode: 15490
ห้องสมุดวิทยาเขตนครสวรรค์
►ส่วนจัดเก็บหนังสือเก่า นว.
บนชั้น
  ขอยืม
2. วิทยาศาสตร์การแพทย์ และสุขภาพ
วิทยาศาสตร์การแพทย์ และสุขภาพ
WB205 ว582ก ฉ.2 
  Barcode: 15801
ห้องสมุดวิทยาเขตสวรรค์ประชารักษ์
►หนังสือทั่วไป
บนชั้น
3. วิทยาศาสตร์การแพทย์ และสุขภาพ
วิทยาศาสตร์การแพทย์ และสุขภาพ
WB205 ว582ก ฉ.3 
  Barcode: 15492
ห้องสมุดวิทยาเขตสวรรค์ประชารักษ์
►ส่วนจัดเก็บหนังสือเก่า สปร
ถูกยืม กำหนดส่งวันที่ 24 มิถุนายน 2569
  จอง
4. วิทยาศาสตร์การแพทย์ และสุขภาพ
วิทยาศาสตร์การแพทย์ และสุขภาพ
WB205 ว582ก ฉ.4 
  Barcode: 15491
ห้องสมุดวิทยาเขตสวรรค์ประชารักษ์
►ส่วนจัดเก็บหนังสือเก่า สปร
บนชั้น
  ขอยืม
5. วิทยาศาสตร์การแพทย์ และสุขภาพ
วิทยาศาสตร์การแพทย์ และสุขภาพ
WB205 ว582ก ฉ.5 
  Barcode: 15800
ห้องสมุดวิทยาเขตสวรรค์ประชารักษ์
►ส่วนจัดเก็บหนังสือเก่า สปร
บนชั้น
  ขอยืม

รายการใกล้เคียง
    หัวเรื่อง [การตรวจร่างกาย]
    หัวเรื่อง [การซักประวัติผู้ป่วย]
    หัวเรื่อง [การวินิจฉัยโรค]

BibComment


ยังไม่เคยถูกคอมเมนท์

คอมเมนท์ทรัพยากรรายการนี้
  คอมเมนท์: การสัมภาษณ์ประวัต..


 Copyright 2026. Bcnsprnw @Library